Países que contienen la letra T - Estadísticas

Estadísticas generales
  • Esta prueba ha sido intentada 44 veces
  • La puntuación promedio es 46 de 61
Estadísticas de respuestas
País % Correcto
Trinidad y Tobago
96%
Estados Unidos
92%
Estonia
92%
Letonia
92%
Lituania
92%
Portugal
92%
Italia
88%
Tailandia
88%
Turkmenistán
88%
Turquía
88%
Argentina
83%
Santo Tomé y Príncipe
83%
Taiwán
83%
Tanzania
83%
Tayikistán
83%
Tayikistán
83%
Túnez
83%
Afganistán
79%
Afganistan
79%
Antigua y Barbuda
79%
Austria
79%
Botsuana
79%
Costa de Marfil
79%
Costa Rica
79%
Guatemala
79%
Malta
79%
Pakistán
79%
Vietnam
79%
Australia
75%
Catar
75%
Ciudad del Vaticano
75%
Emiratos Árabes Unidos
75%
Guinea Ecuatorial
75%
Lesoto
75%
Liechtenstein
75%
Santa Lucía
75%
San Vicente y las Granadinas
75%
Togo
75%
Tuvalu
75%
Bután
71%
Eritrea
71%
Estados Federados de Micronesia
71%
Haití
71%
Kuwait
71%
República Centroafricana
71%
República Democrática del Congo
71%
San Cristóbal y Nieves
71%
Tonga
71%
Uzbekistán
71%
Uzbekistán
71%
Corea del Norte
67%
Egipto
67%
Kazajistán
67%
Mauritania
67%
Montenegro
67%
Vanuatu
67%
Yibuti
67%
Etiopía
63%
Arabia Saudita
50%
Esuatini
46%
Macedonia del Norte
46%
No se encontraron pruebas coincidentes
Distribución de puntuación
Porcentaje de gente con cada puntuación
Porcentaje por número respondido
Historial de tus puntuaciones
No has intentado esta prueba.